|
|
|
|
| LEADER |
00000nas a2200000 i 4500 |
| 001 |
ssj0000913858 |
| 003 |
WaSeSS |
| 005 |
20200512172242.0 |
| 006 |
m d |
| 007 |
cr n |
| 008 |
130807c20139999sz qr p s 0 0eng c |
| 010 |
|
|
|a 2013250631
|
| 022 |
|
|
|a 2304-6775
|l 2304-6775
|
| 035 |
|
|
|a (WaSeSS)ssj0000913858
|
| 040 |
|
|
|a NBuU
|b eng
|c NBuU
|d OCLCF
|d OCLCO
|d CU-S
|d WaSeSS
|
| 042 |
|
|
|a pcc
|
| 130 |
0 |
|
|a Publications (Basel, Switzerland)
|
| 210 |
0 |
|
|a Publications
|b (Basel)
|
| 222 |
|
0 |
|a Publications
|b (Basel)
|
| 245 |
1 |
0 |
|a Publications
|h [electronic resource].
|
| 260 |
|
|
|a Basel, Switzerland :
|b MDPI AG,
|c 2013-
|
| 310 |
|
|
|a Quarterly
|
| 362 |
1 |
|
|a Began with Volume 1, Issue 1 (June 2013).
|
| 500 |
|
|
|a "An international open access journal on scholarly publishing."
|
| 506 |
|
|
|a License restrictions may limit access.
|
| 588 |
|
|
|a Description based on Volume 1, Issue 1 (June 2013); title from PDR article running title (MDIP website, viewed Aug. 7, 2013).
|
| 588 |
|
|
|a Latest issue consulted: Volume 1, Issue 2 (September 2013) (viewed Aug. 7, 2013).
|
| 650 |
|
0 |
|a Scholarly publishing
|v Periodicals.
|
| 650 |
|
0 |
|a Communication in learning and scholarship
|v Periodicals.
|
| 650 |
|
0 |
|a Open access publishing
|v Periodicals.
|
| 650 |
|
0 |
|a Libraries and publishing
|v Periodicals.
|
| 650 |
|
0 |
|a Publishers and publishing
|v Periodicals.
|
| 650 |
|
7 |
|a Communication in learning and scholarship.
|2 fast
|0 (OCoLC)fst00870164
|
| 650 |
|
7 |
|a Libraries and publishing.
|2 fast
|0 (OCoLC)fst00997558
|
| 650 |
|
7 |
|a Open access publishing.
|2 fast
|0 (OCoLC)fst01737144
|
| 650 |
|
7 |
|a Publishers and publishing.
|2 fast
|0 (OCoLC)fst01083463
|
| 650 |
|
7 |
|a Scholarly publishing.
|2 fast
|0 (OCoLC)fst01106866
|
| 655 |
|
0 |
|a Electronic journals.
|
| 710 |
2 |
|
|a Multidisciplinary Digital Publishing Institute.
|
| 856 |
4 |
0 |
|z Full text available from Research Library: 03/01/2013 to present
|u https://search.proquest.com/publication/2032342
|
| 856 |
4 |
0 |
|z Full text available from Research Library: 01/01/2020 to present
|u https://search.proquest.com/publication/2032342
|